000
00456nam a2200133Ia 4500
008
151001s9999||||xx |||||||||||||| ||und||
100
_a
सुधीर पाल
245
_a
आदिवासीयों की पारंपरिक स्वशासन व्यवस्था एवं पंचायती राज
250
_a
1
260
_b
आकृती प्रकाशन
260
_c
2009
300
_a
104
365
_b
21
999
_c
1000576
_d
1000573